000 00567 a2200145 4500
005 20250602093324.0
020 _a0-7517-1975-7
082 _aLECT 657.48 CIM
111 _aCIMA
245 _aManagerial Paper P1: Management accounting-performance evaluation: for exams in 2005
260 _aLondon,
_bBPP professional education,
_c2005.
300 _axxiv, 374p.: ill.; chart, figure, graph, picture, table.
_c30cm.
856 _yAccess online book
_fManagerial Paper P1: Management accounting-performance evaluation: for exams in 2005
_dww.bpp.com
942 _2ddc
_cBKS
999 _c2979
_d2979